Loading...
| Current Events | 2 | 15.00 | 100% | 50% | 0% |
| Fine Arts - Auditory Fine Arts | 5 | 10.00 | 80% | 20% | 0% |
| Fine Arts - Visual Fine Arts | 10 | 14.00 | 90% | 40% | 10% |
| Geography | 5 | 10.00 | 80% | 0% | 20% |
| History - American History | 6 | 15.00 | 100% | 33% | 17% |
| History - Ancient History | 5 | 8.00 | 60% | 20% | 0% |
| History - European History | 4 | 12.50 | 100% | 25% | 0% |
| History - World History | 3 | 13.33 | 100% | 33% | 0% |
| Literature - American Literature | 2 | 10.00 | 100% | 0% | 0% |
| Literature - British Literature | 5 | 20.00 | 100% | 40% | 60% |
| Literature - European Literature | 1 | 20.00 | 100% | 100% | 0% |
| Literature - World Literature | 4 | 20.00 | 100% | 100% | 0% |
| Mythology | 1 | 30.00 | 100% | 100% | 100% |
| Other Academic | 2 | 20.00 | 100% | 50% | 50% |
| Philosophy | 3 | 23.33 | 100% | 100% | 33% |
| Religion | 3 | 10.00 | 100% | 0% | 0% |
| Science - Biology | 6 | 11.67 | 100% | 17% | 0% |
| Science - Chemistry | 4 | 5.00 | 50% | 0% | 0% |
| Science - Other Science | 6 | 15.00 | 100% | 50% | 0% |
| Science - Physics | 5 | 12.00 | 80% | 40% | 0% |
| Social Science | 4 | 12.50 | 100% | 25% | 0% |